Notice historique sur Auguste Michel-Lévy ... (Record no. 25489)

MARC details
000 -LEADER
fixed length control field 01012cam a22002651 4500
001 - CONTROL NUMBER
control field gs 15000218
003 - CONTROL NUMBER IDENTIFIER
control field DLC
005 - DATE AND TIME OF LATEST TRANSACTION
control field 20260227111317.0
008 - FIXED-LENGTH DATA ELEMENTS--GENERAL INFORMATION
fixed length control field 940211s1914 fr c b 000 0bfre c
010 ## - LIBRARY OF CONGRESS CONTROL NUMBER
LC control number gs 15000218
035 ## - SYSTEM CONTROL NUMBER
System control number (OCoLC)29790923
040 ## - CATALOGING SOURCE
Original cataloging agency Library, U.S. Geological Survey
Transcribing agency CU
Modifying agency CU
-- DLC
042 ## - AUTHENTICATION CODE
Authentication code premarc
050 00 - LIBRARY OF CONGRESS CALL NUMBER
Classification number QE22.L53
Item number L3
082 ## - DEWEY DECIMAL CLASSIFICATION NUMBER
Classification number 925.5
100 1# - MAIN ENTRY--PERSONAL NAME
Personal name Lacroix, Alfred,
Dates associated with a name 1863-1948.
245 00 - TITLE STATEMENT
Title Notice historique sur Auguste Michel-Lévy ...
Statement of responsibility, etc. par m. Alfred Lacroix ... lue dans la séance publique annuelle du 21 décembre 1914.
260 ## - PUBLICATION, DISTRIBUTION, ETC.
Place of publication, distribution, etc. Paris,
Name of publisher, distributor, etc. Gauthier-Villars et cie,
Date of publication, distribution, etc. 1914.
300 ## - PHYSICAL DESCRIPTION
Extent 52 p.
Other physical details port.
Dimensions 29 cm.
410 20 - SERIES STATEMENT/ADDED ENTRY--CORPORATE NAME [OBSOLETE, CAN/MARC], [LOCAL, USA]
Corporate name or jurisdiction name as entry element Académie des sciences (France)
Title of a work Notice historique,
Volume number/sequential designation 1914
500 ## - GENERAL NOTE
General note At head of title: Institut de France. Académie des sciences.
504 ## - BIBLIOGRAPHY, ETC. NOTE
Bibliography, etc. note "Liste bibliographique des travaux scientifiques de A. Michel-Lévy": p. [41]-52.
600 10 - SUBJECT ADDED ENTRY--PERSONAL NAME
Personal name Lévy, Auguste Michel,
Dates associated with a name 1844-1911.
710 2# - ADDED ENTRY--CORPORATE NAME
Corporate name or jurisdiction name as entry element Académie des sciences (France)

No items available.

Powered by Koha